• 首页
  • 本馆介绍
  • 公告通知
  • 最新文献
  • 馆藏检索
  • 电子资源
  • 读者导购
  • 参考咨询
  • 我的图书馆
  • 登录
  • 详细信息显示
  • 放入我的书架
  • 预约/预借图书
  • 作者相关作品
  • 分类相关作品
  • 丛书相关作品
  • 出版社相关作品

书目信息

  • 表格格式
  • 工作单格式
  • 卡片格式
题名:
传染病动力学的数学建模与研究
    
 
作者: 马知恩 著
分册:  
出版信息: 北京   科学出版社  
页数: 399页
开本: 26cm
丛书名: 现代数学基础丛书 92
单 册:
中图分类: R51
科图分类:
主题词: 传染病
电子资源:
ISBN: 7-03-013760-4
000 00621nam0 2200205 450
001 0732828906
005 20070903090708.90
010    @a7-03-013760-4@d¥46.00
100    @a20070903d km y0chiy0120 ea
101 0  @achi
200 1  @a传染病动力学的数学建模与研究@Achuan ran bing dong li xue de shu xue jian mo yu yan jiu@f马知恩等著@Fma zhi en deng zhu
210    @a北京@c科学出版社
215    @a399页@d26cm
225 2  @a现代数学基础丛书 92
410  0 @12001 @a现代数学基础丛书 92
606 0  @a传染病
690    @aR51@v3
701  0 @a马知恩@Ama zhi en@4著
801  0 @aCN@bPFT@c20070903
905    @a213230@dR51@eS2@f1
    
    传染病动力学的数学建模与研究/马知恩等著.-北京:科学出版社
    399页;26cm.-(现代数学基础丛书 92)
    
    
    ISBN 7-03-013760-4:¥46.00
    
●
相关链接 在E读中查询图书 在五车中查询图书 在当当中查询图书 在豆瓣中查询图书


正题名:传染病动力学的数学建模与研究     索取号:R51/S2         预约/预借

序号 登录号 条形码 馆藏地/架位号 状态 备注
1 6705638   267056384   密集书库-数信学院/ [索取号:R51/S2] 在馆    
2 6705639   267056393   密集书库-数信学院/ [索取号:R51/S2] 在馆    
3 6705640   267056400   密集书库-数信学院/ [索取号:R51/S2] 在馆    
4 6705641   267056419   密集书库-数信学院/ [索取号:R51/S2] 在馆    
5 6705642   267056428   密集书库-数信学院/ [索取号:R51/S2] 在馆    
6 6705643   267056437   密集书库-数信学院/ [索取号:R51/S2] 在馆    
7 6705644   267056446   密集书库-数信学院/ [索取号:R51/S2] 在馆    
8 6705645   267056455   密集书库-数信学院/ [索取号:R51/S2] 在馆    
9 6705646   267056464   密集书库-数信学院/ [索取号:R51/S2] 在馆    
10 6705647   267056473   密集书库-数信学院/ [索取号:R51/S2] 在馆    
唐山师范学院图书馆 欢迎您!
大连网信软件有限公司© 版权所有